Central Library OPAC University of Rajshahi

Financial analysis models of commercial banks / (Record no. 58938)

MARC details
000 -LEADER
fixed length control field 00715nam a2200241 a 4500
001 - CONTROL NUMBER
control field 58938
003 - CONTROL NUMBER IDENTIFIER
rucl marc code BD-RjUL
005 - DATE AND TIME OF LATEST TRANSACTION
control field 20211209080655.0
008 - FIXED-LENGTH DATA ELEMENTS--GENERAL INFORMATION
fixed length control field 161220s1999 ii ||||| |||| 001 0 eng d
020 ## - INTERNATIONAL STANDARD BOOK NUMBER
International Standard Book Number 8126102063
035 ## - SYSTEM CONTROL NUMBER
System control number (BD-RjUL)59062
040 ## - CATALOGING SOURCE
Original cataloging agency BD-RjUL
Language of cataloging eng
Transcribing agency BD-RjUL
041 ## - LANGUAGE CODE
Language code of text/sound track or separate title eng
082 ## - DEWEY DECIMAL CLASSIFICATION NUMBER
Edition number 23
Classification number 332.10954
Author mark and year KUF 1999
100 ## - MAIN ENTRY--PERSONAL NAME
Personal name Kumar, Sanjay
9 (RLIN) 175259
245 10 - TITLE STATEMENT
Title Financial analysis models of commercial banks /
Statement of responsibility, etc. Sanjay Kumar; Foreword by C. Rangarajan
260 ## - PUBLICATION, DISTRIBUTION, ETC. (IMPRINT)
Place of publication, distribution, etc. New Delhi :
Name of publisher, distributor, etc. Anmol Publication,
Date of publication, distribution, etc. c1999
300 ## - PHYSICAL DESCRIPTION
Pagination xvi, 232 p. ;
Size 23 cm.
500 ## - GENERAL NOTE
General note Includes index
650 ## - SUBJECT ADDED ENTRY--TOPICAL TERM
Topical term or geographic name as entry element Banks and banking
Geographic subdivision India
9 (RLIN) 173834
700 ## - ADDED ENTRY--PERSONAL NAME
Personal name Rangarajan, C.
942 ## - ADDED ENTRY ELEMENTS (KOHA)
Source of classification or shelving scheme Dewey Decimal Classification
Koha item type Books
Holdings
Lost status Source of classification or shelving scheme Damaged status Not for loan Collection code Permanent Location Current Location Shelving location Date acquired Source of acquisition Cost, normal purchase price Total Checkouts Full call number Date last seen Copy number Koha item type
  Dewey Decimal Classification   Not For Loan Non-fiction Central Library, University of Rajshahi Central Library, University of Rajshahi Reading Room 09/05/2007 Paragogn Enterprise, Dhaka 350.00   332.10954 KUF 1999 20/12/2016 C-1 Books